موسى و هارون / (رقم التسجيلة. 31889)

تفاصيل مارك
000 -LEADER
fixed length control field 00641nam a22001937a 4500
005 - DATE AND TIME OF LATEST TRANSACTION
control field 20251108165817.0
008 - FIXED-LENGTH DATA ELEMENTS--GENERAL INFORMATION
fixed length control field 250721s1982 xx 000 0 ara d
082 14 - DEWEY DECIMAL CLASSIFICATION NUMBER
Classification number ط/214.2/زين
100 1# - MAIN ENTRY--PERSONAL NAME
Personal name الزين، سميح عاطف
245 10 - TITLE STATEMENT
Title موسى و هارون /
264 1# - PRODUCTION, PUBLICATION, DISTRIBUTION, MANUFACTURE, AND COPYRIGHT NOTICE
Place of production, publication, distribution, manufacture بيروت :
Name of producer, publisher, distributor, manufacturer دار الكتاب اللبناني: مكتبة المدرسة،
Date of production, publication, distribution, manufacture, or copyright notice 1982.
300 ## - PHYSICAL DESCRIPTION
Extent 141ص
490 0# - SERIES STATEMENT
Series statement قصص الانبياء في القرآن الكريم ،5
650 17 - SUBJECT ADDED ENTRY--TOPICAL TERM
Topical term or geographic name as entry element أصول الدين الإسلامي
650 17 - SUBJECT ADDED ENTRY--TOPICAL TERM
Topical term or geographic name as entry element النبوات
653 ## - INDEX TERM--UNCONTROLLED
Uncontrolled term ناشئون صغار (10-14) سنة
942 ## - ADDED ENTRY ELEMENTS (KOHA)
Source of classification or shelving scheme Dewey Decimal Classification
Koha item type كتب
المقتنيات
حالة السحب حالة الفقدان مصدر التصنيف حالة التلف غير قابل للإعارة المكتبة الرئيسية المكتبة الحالية موقع الرف تاريخ التزويد الرقم المتسلسل Total Checkouts رقم الإستدعاء تاريخ آخر ظهور تاريخ الفاتورة نوع المادة (كوها) الباركود
    Dewey Decimal Classification     مكتبة بدر للأطفال مكتبة بدر للأطفال الأطفال 09/08/2022 268669   ط/214.2/زين 28/07/2025 09/08/2022 كتب PLD00498561
    Dewey Decimal Classification Unchecked   مكتبة حمزة العامة مكتبة حمزة العامة الأطفال 06/07/2004 514   ط/214.2/زين 28/07/2025 06/07/2004 كتب  
Implemented & Customized by: BBB with SCIT (Smart Chains for Information Technology)

Powered by Koha